000 01158nam0a2200313 4500
001 RU\NLR\bibl\975696
005 20250614212810.0
021 _aRU
_b2006-41108
_92059
035 _a(NLR Aleph) 000963621
090 _a355072
_c355072
100 _a20060817d2006 |||y0rusy50 ca
101 0 _arus
102 _aRU
105 _aa |||||||||
200 1 _aПерегон
_eповесть
_fЮрий Вигорь
210 _aМосква
_cПодвиг
_d2006
215 _a281 с.
_cил.
_d20
225 1 _aПодвиг
_vN 2, 2006
423 0 _12001#$aГадание на бобах$eповесть$fВалерий Нечипоренко
_1700#0$3RU\NLR\auth\7767053$7ba$aPanchen Lama$dXI$f1990-$4070
_1210##$aМосква$cПодвиг
_1215##$aС. 114-281$cил.
_tГадание на бобах
_aPanchen Lama (1990-)
686 _aШ6(2=Р)75-440.4
686 _aШ6(2=Р)75-440.4Нечипоренко
700 1 _aВигорь
_bЮ.
_gЮрий
_4070
801 0 _aRU
_bNLR
_c20060817
_grcr
801 1 _aRU
_bNLR
_c20060817
942 _cBOOK
980 _aNB